000
00325nam a2200145Ia 4500
008
191201s2004 xx 000 0 und d
082
_a
620.11
_b
RAM
100
_a
RAJENDRAN, V
245
0
_a
Materials Science
250
_a
1st
260
_a
N.Delhi
_b
TMH
_c
2004
300
_a
24.10
650
_a
B.Tech(ME)
942
_2
ddc
_c
BK
999
_c
1351
_d
1351